02303 a2200241 4500020001500000020001800015082000800033090001500041100002300056245007900079250001200158260003600170300002100206500001500227520132800242700002101570856008201591856008701673942002401760999001901784952010301803952015501906 a0324274319 a978032427431804a332 c2554d25541 aHawawini, Gabriel.10aFinance for executives :bmanaging for value creation /cGabriel Hawawini. a3nd ed. a[S.l.] :bSouth-Western,c2006. a632 p. ;c24 cm. aHardcover. aFINANCE FOR EXECUTIVES: MANAGING FOR VALUE CREATION, 3e is ideal for the future manager or experienced executive who recognizes the importance of using financial information to maximize firm value. Respected authors Gabriel Hawawini and Claude Viallet have translated their wealth of experience into a concise, analytically sound introduction to financial management that is neither too simplistic nor too theoretical. Based on modern finance principles, the book presents the most recent financial data and latest references with a level of practicality and rigorous analysis appropriate for today's experienced executive - without complicated formulas that have no direct application to decision making. Each chapter is self-contained - providing ultimate flexibility for teaching and making the book an excellent source for reference or self-learning beyond the traditional classroom. This book is perfect for executive education, executive MBA courses, or any course where you want to translate theory into practice or use a case approach. A strong problem-scenario approach presents concepts within the context of financial management problems that executives commonly face. In addition, consistent case studies analyze the same set of companies throughout the text to provide a common thread that reinforces learning.1 aViallet, Claude.403Amazon.comuhttp://www.amazon.com/exec/obidos/ASIN/0324274319/chopaconline-20403Amazon customer reviewsuhttp://www.chopac.org/cgi-bin/tools/azrev.pl?q=0324274319 aNBScBKk658.15 HAW c345049d345049 00104070aCLbCLd2013-08-28l3m4o658.15 HAWpNBSD-794r2024-06-03s2024-04-15w2013-08-28yBK 00152ddc4070aCLbCLd2013-08-28l1o658.15 HAWpNBS8025r2019-11-09s2014-01-21w2013-08-28yBKzWrite off File No.0908/IRC/NBS Dated Aug 16, 2018